Państwa leżące w regionie Sahel (z mapą) - Statystyki

Ogólne statystyki
  • Ten quiz został rozwiązany 4 388 razy
  • Średni wynik to 12 z 13
Odpowiedzi na mapie
Odpowiedzi zakodowano w zielono-czerwonej skali na mapie do tego quizu, zgodnie z poniższymi procentami.
 
Statystyki odpowiedzi
Państwo % Poprawnych
Niger
97%
Sudan
97%
Czad
96%
Nigeria
96%
Mali
95%
Algieria
94%
Senegal
94%
Mauretania
91%
Sudan Południowy
91%
Gambia
87%
Erytrea
85%
Burkina Faso
82%
Kamerun
76%
Nie znaleziono quizów pasujących do podanych kryteriów
Rozkład punktacji
Procent ludzi z każdym wynikiem
Percentyl według liczby udzielonych odpowiedzi
Twoja historia wyników
Nie rozwiązałeś tego quizu